| 000 | 01914nam0a2200325 4500 | ||
|---|---|---|---|
| 001 | RU\NLR\BIBL_A\011628621 | ||
| 005 | 20180320155456.0 | ||
| 010 |
_a978-5-4417-0692-6 _9500 |
||
| 021 |
_aRU _bКН-П-18-004162 _9КН-П-18-0287 |
||
| 035 | _a(NLR Aleph) 011628621 | ||
| 035 | _a(RuMoRGB)009523323 | ||
| 090 |
_a11021605 _c11021605 |
||
| 100 | _a20180214d2017 u y0rusy50 ca | ||
| 101 | 0 | _arus | |
| 102 | _aRU | ||
| 105 | _ay|||j|||000zy | ||
| 200 | 1 |
_aМетодология научных исследований _eучебное пособие _eдля обучающихся по образовательной программе высшего образования - программе подготовки научно-педагогических кадров в аспирантуре 38.06.01 Экономика _fМ.Г. Лапаева, С.П. Лапаев _gМинистерство образования и науки Российской Федерации, Федеральное государственное бюджетное образовательное учреждение высшего образования "Оренбургский государственный университет" |
|
| 210 |
_aОренбург _cУниверситет _d2017 |
||
| 215 |
_a258 с. _cтабл. _d21 |
||
| 320 | _aБиблиогр. в тексте | ||
| 606 | 1 |
_aЭкономика _jУчебные издания для высших учебных заведений _xТеория _xМетодология _92331021 _3RU\NLR\AUTH\661393934 |
|
| 686 |
_aУ.в.я73-1 _2rubbk |
||
| 686 | 1 | _aУ010в.я73 | |
| 700 | 1 |
_aЛапаева _bМ. Г. _gМария Григорьевна |
|
| 701 | 1 |
_aЛапаев _bС. П. _gСергей Петрович |
|
| 942 | _cBOOK | ||
| 980 | _aNBR | ||
| 980 | _aNB | ||